Más allá del ego (Registro nro. 171393)
[ vista simple ]
| 000 -ENCABEZADO | |
|---|---|
| Número de control [NR] | 01044 a2200301 4500 |
| 005 - FECHA Y HORA DE LA ÚLTIMA TRANSACCIÓN | |
| control field | 20180312144701.0 |
| 008 - DE LONGITUD FIJA DE DATOS DE ELEMENTOS - INFORMACIÓN GENERAL | |
| Elementos de longitud fija [NR] | 130905s2008 sp ||||fr|||| 00| 0 spa d |
| 020 ## - NUMERO INTERNACIONAL NORMALIZADO PARA LIBROS [R] | |
| Número Internacional Normalizado del libro [NR] | 9788472451377 |
| 040 ## - FUENTE DE CATALOGACION [NR] | |
| Agencia de catalogación original [NR] | CO-BoUCM |
| Idioma de catalogación [NR] | spa |
| Quien Cataloga | Jose A. Gerena (modificó) |
| Quien Clasifica | Aldemar Mondragón |
| 041 00 - CODIGO DE IDIOMA [R] | |
| Código de idioma para texto/pista de sonido o título separado [R] | Español |
| 060 ## - SIGNATURA TOPOGRAFICA DE LA BIBLIOTECA NACIONAL DE MEDICINA (NLM) [R] | |
| Número clasificador [R] | BF 161 |
| 245 00 - MENCION DE TITULO [NR] | |
| Título [NR] | Más allá del ego |
| Parte restante del título [NR] | textos de psicología transpersonal |
| Mención de responsabilidad, etc. [NR] | Abraham H. Maslow...[y otros] ; compilación de Roger Walsh y Frances Vaughan |
| 250 ## - MENCION DE EDICION [NR] | |
| Mención de edición [NR] | 10a ed |
| 260 ## - PUBLICACION, DISTRIBUCION, ETC. (PIE DE IMPRENTA) [R] | |
| Fecha de publicación, distribución, etc. [R] | 2008 |
| Nombre del editor, distribuidor, etc. [R] | Kairos |
| Lugar de publicación, distribución, etc. [R] | Barcelona (España) |
| 300 ## - DESCRIPCION FISICA [R] | |
| Extensión [R] | 419 páginas |
| 500 ## - NOTA GENERAL [R] | |
| Nota general [NR] | Incluye glosario |
| 650 #7 - ASIENTO SECUNDARIO DE MATERIA - TERMINO TEMATICO [R] | |
| Término temático o nombre geográfico como elemento de entrada [NR] | Ego (Psicología) |
| 9 (RLIN) | 13923 |
| 650 #7 - ASIENTO SECUNDARIO DE MATERIA - TERMINO TEMATICO [R] | |
| Término temático o nombre geográfico como elemento de entrada [NR] | Mente y cuerpo |
| 9 (RLIN) | 19302 |
| 650 #7 - ASIENTO SECUNDARIO DE MATERIA - TERMINO TEMATICO [R] | |
| Término temático o nombre geográfico como elemento de entrada [NR] | Psicología transpersonal |
| 9 (RLIN) | 22857 |
| 690 ## - ASUNTO AGREGADO LOCAL DE ENTRADA - TÉRMINO TEMÁTICO (OCLC, RLIN) | |
| Acceso temático local | Psicología |
| 700 1# - ASIENTO SECUNDARIO - NOMBRE PERSONAL [R] | |
| Nombre personal [NR] | Coleman, Daniel |
| 9 (RLIN) | 44779 |
| 700 1# - ASIENTO SECUNDARIO - NOMBRE PERSONAL [R] | |
| Nombre personal [NR] | Dass, Ram |
| 9 (RLIN) | 44778 |
| 700 1# - ASIENTO SECUNDARIO - NOMBRE PERSONAL [R] | |
| Nombre personal [NR] | Kornfield, Jack |
| 9 (RLIN) | 44780 |
| 700 1# - ASIENTO SECUNDARIO - NOMBRE PERSONAL [R] | |
| Nombre personal [NR] | Maslow, Abraham H. |
| 9 (RLIN) | 44777 |
| 700 1# - ASIENTO SECUNDARIO - NOMBRE PERSONAL [R] | |
| Nombre personal [NR] | Vaughan, Frances |
| Término de relación [R] | compilador |
| 9 (RLIN) | 44782 |
| 700 1# - ASIENTO SECUNDARIO - NOMBRE PERSONAL [R] | |
| Nombre personal [NR] | Walsh, Roger |
| Término de relación [R] | compilador |
| 9 (RLIN) | 44781 |
| 942 ## - ELEMENTOS DE ENTRADA AGREGADOS (KOHA) | |
| Tipo de ítem principal el descrito en 300a | Libro |
| Tema principal | Psicología |
| Edición | 10 |
| Parte restante de la signatura top. | M939 |
| Sistema de clasificación | NLM |
| Clasificación | BF 161 |
| Título oculto en OPAC | No |
| Fecha de último préstamo | Total préstamos | Total Renewals | Signatura topográfica | Código de barras | Última vez visto | Volúmen / Fascículo | Ejemplar | Price effective from | Tipo de ítem | Nota pública (OPAC) | Perdido | Sistema de clasificación | Dañado | No prestable | Tipo de ítem específico | Suprimido | Ubicación habitual | Ubicación actual | Localización | Fecha de creación | Forma de adquisición | Costo | Costo de reposición | Proveedor |
|---|---|---|---|---|---|---|---|---|---|---|---|---|---|---|---|---|---|---|---|---|---|---|---|---|
| 11/10/2023 | 7 | 3 | BF 161 M939 | 200011115 | 27/01/2026 | 8a.Ed. | Ej.1 | 03/02/2013 | Libro | Spot Psicología & Psiquiatría | NLM | Libro | Quinta de Mutis | Quinta de Mutis | 3er piso | 28/02/2005 | Compra | 50150.00 | ||||||
| 09/12/2024 | 6 | 6 | BF 161 M939 | 200025087 | 11/12/2025 | 10a.Ed. | Ej.1 | 15/08/2013 | Libro | Spot Psicología & Psiquiatría | NLM | Libro | Quinta de Mutis | Quinta de Mutis | 3er piso | 15/08/2013 | Compra | 53700.00 | 55217.00 | 15 |